1970 1364 1461 1299 1240 1835 1720 1681 1578 1504 1221 1493 1743 1910 1661 1832 1712 1145 1972 1601 1009 1459 1970 1171 1708 1518 1013 1767 1079 1930 1591 1370 1957 1476 1961 1140 1513 1700 1740 1029 1547 1377 1558 1317 1821 1377 1008 1715 1262 1894 1267 1192 1634 1262 1764 1821 1840 1872 1342 1033 1435 1575 1157 1408 1480 1641 1335 1528 1726 1342 1081 1800 1360 1317 1860 1866 1763 1738 1730 1339 1449 1958 1814 1754 1274 1028 1258 1277 1498 1321 1947 1652 1627 1628 1537 1566 1948 1770 1008 BCNSPRNW ULIB Ver.6.0+V

เปลี่ยนเป็นภาษาไทย

Change to English
 แสดงรายละเอียดบรรณานุกรม
  กลับหน้าหลัก

Brief Record : Get Marc (ISO 2709) : E-mail record : QR code < ปิดหน้าต่าง
LEADER : 00000nam 2200000uu 4500
001    13399128923
003     ULIB
008    241030s2022||||th 000 0 tha d
020    ^a9781975141882
060 04 ^aWY20.5^bP769E
100 1  ^aPolit, Denise F.
245 10 ^aEssentials of nursing research :^bappraising evidence fornursing practice /^cDenise F. Polit, Cheryl Tatano Beck
250    ^a10th ed.
260    ^aPhiladelphia :^bWolters Kluwer,^c2022
300    ^axx, 425 p. :^bill. ^c26 cm.
504    ^aIncludes bibliographical references and index
505 0  ^aPart 1. Overview of nursing research and its role inevidence-based practice -- Introducing nursing research inan evidence-based practice -- Understanding key conceptsand steps in quantitative and qualitative research --Reading and critically appraising research articles --Attending to ethics in research -- Part 2. Preliminarysteps in quantitative and qualitative research --Identifying research problems, research questions, andhypotheses -- Finding and reviewing research evidence inthe literature -- Understanding theoretical and conceptualframeworks -- Part 3. Designs and methods for quantitativeand qualitative nursing research -- Appraisingquantitative research design -- Appraising sampling anddata collection in quantitative studies -- Appraisingqualitative designs and approaches -- Appraising samplingand data collection in qualitative studies -- Understaningmixed methods research, quality improvement and otherspecial types of research -- Part 4. Analysis andinterpretation in quantitative and qualitative research --Understanding statistical analysis of quantitative data --Interpreting quantitative findings and evaluating clinicalsignificance -- Understanding the analysis of qualitativedata -- Appraising trustworthiness and integrity inqualitative research -- Learning from systematic reviews -- Putting research evidence into practice: evidence-basedpractice and practice-based evidence.
650  0 ^aNursing^xResearch
650  0 ^aNursing Research
650  2 ^aEvidence-Based Nursing
700 1  ^aBeck, Cheryl Tatano
945    ^p1870^l0^i011171
999    ^aประนอม เกษจรัล
รายการนี้ยังไม่มีแท็ก
คุณยังไม่ได้ล็อกอิน คุณสามารถมีกิจกรรมร่วมกับเว็บไซต์ได้ แต่ต้องล็อกอินก่อน ::
  ล็อกอิน

รายการสื่อสารสนเทศ

ลำดับที่ ประเภท เลขเรียก/บาร์โค้ด สถานที่ สถานะ
1. Book การพยาบาล
หนังสือสำรอง
สถานะ=หนังสือสำรอง
WY20.5 P769E ฉ.1 
  Barcode: 011171
ห้องสมุดวิทยาเขตสวรรค์ประชารักษ์
►หนังสือทั่วไป
บนชั้น

รายการใกล้เคียง
    ผู้แต่ง [Polit, Denise F.]

    หัวเรื่อง [Nursing Research]
    หัวเรื่อง [Nursing Research]
    หัวเรื่อง [Evidence-Based Nursing]

BibComment


ยังไม่เคยถูกคอมเมนท์

คอมเมนท์ทรัพยากรรายการนี้
  คอมเมนท์: Essentials of nu..


 Copyright 2026. Bcnsprnw @Library